00238nam a22000857a 4500008004100000082001500041245007700056300001100133440000800144230627b xxu||||| |||| 00| 0 eng d a338.1bTOU aTransformations in West African Agriculture and the Role of Family Farms aVI,84p n123